| 000 | 01252nam a2200241 i 4500 | ||
|---|---|---|---|
| 001 | 151947 | ||
| 003 | ES-MaACL | ||
| 005 | 20250723060842.0 | ||
| 008 | 931025s1633 sp |||| | spa d | ||
| 040 |
_aPAB _bspa _cCCPB |
||
| 100 | 1 |
_aBermúdez de Pedraza, Francisco. _928145 |
|
| 245 | 1 | 0 |
_aArte legal para el estudio de la Iurisprudencia _b: nuevamente corregido y añadido en esta segunda edicion : con declaracion de las rubricas de los diez y seis libros del Emperador Iustiniano / _cpor ... Francisco Vermudez de Pedraça... |
| 260 |
_aEn Madrid : _bpor Francisco Martínez : _ba costa de Domingo Gonçalez ..., _c1633. |
||
| 300 |
_a[8], 164, [12], 228 [i.e. 328] p. ; _c4º. |
||
| 505 | 8 | _aParatitla y exposicion a los titulos de los Quatro libros de las Instituciones de Iustiniano ..., con port. y pag. propias | |
| 530 | _aDisponible en formato digital. | ||
| 597 | _aSign.: ¶4, A-K8, L², m6, M-Z8, 2A-2H8, I4. | ||
| 630 | 0 | 7 |
_aCorpus juris civilis _2 _9135269 |
| 650 | 4 |
_aJurisprudencia. _914031 |
|
| 852 |
_aES-MaACL _jR-892 _z-- Enc. perg. _x-- Edic.: error tip. en última p. _x Olim: G-1261 |
||
| 856 |
_uhttp://bdh-rd.bne.es/viewer.vm?id=0000112011&page=1 _zBiblioteca Digital Hispánica |
||
| 999 |
_c151947 _d151947 |
||